000 01131 a2200253 4500
999 _c2378
_d2378
020 _a9780073124476 (pbk. : alk. paper)
020 _a0073124478 (pbk. : alk. paper)
050 0 0 _aHV6025 ADL 2007
100 1 _aAdler, Freda.
245 1 0 _aCriminology and the criminal justice system /
_cFreda Adler, Gerhard O.W. Mueller, William S. Laufer.
250 _a6th ed.
264 _aBoston
_bMcGraw Hill
_c2007
300 _axxxi, 554 p. :
_bill. (some col.), col. maps ;
500 _aCriminology
504 _aIncludes bibliographical references and indexes.
650 0 _aCriminology.
700 1 _aMueller, Gerhard O. W.
700 1 _aLaufer, William S.
856 4 2 _3Publisher description
_uhttp://www.loc.gov/catdir/enhancements/fy0704/2006287181-d.html
856 4 1 _3Table of contents only
_uhttp://www.loc.gov/catdir/enhancements/fy0704/2006287181-t.html
856 4 2 _3Contributor biographical information
_uhttp://www.loc.gov/catdir/enhancements/fy0737/2006287181-b.html
942 _2lcc
_cBK
_e6th ed.
_h6025
_iADL
_kHV